La naturaleza del mundo físico

Zapisane w:
Opis bibliograficzny
1. autor: Eddington, Arthur S (Autor)
Format: Książka
Język:hiszpański
Wydane: Buenos Aires Sudamericana 1945
Wydanie:1a. ed
Seria:Ciencia y Cultura
Hasła przedmiotowe:
Etykiety: Dodaj etykietę
Nie ma etykietki, Dołącz pierwszą etykiete!

MARC

LEADER 00000nam a2200000 a 4500
001 UCH2973
003 CL-VaPUC
008 090709e19450000AG |||||||||||||||||spa|d
082 0 4 |a 530.1  |b EDD  |2 21 
100 0 |a Eddington, Arthur S  |e author  |9 538056 
245 1 3 |a La naturaleza del mundo físico 
250 |a 1a. ed 
300 |a 398 p 
942 |c BK 
945 |d 20090709 00:00:00  |a rbrito 
260 |a Buenos Aires  |b Sudamericana  |c 1945 
650 0 |a Filosofía de las ciencias  |9 256466 
650 0 |a Física   |9 227844 
650 7 |a HISTORIA DE LA FISICA  |2 CL-VaPUC  |9 316726 
583 |a last modification  |c 20121001 11:10:54  |k Rodrigo Vera 
490 0 |a Ciencia y Cultura 
999 |c 334631  |d 334629 
952 |0 0  |1 0  |4 0  |6 530_100000000000000_EDD_1945  |7 0  |8 A  |9 423750  |a BIBCUR  |b BIBCUR  |d 2019-11-22  |i 4528638  |o 530.1 EDD 1945  |p 4528638  |r 2025-04-22  |w 2019-11-22  |y BK  |k FIS